Ako vyhodnocovať účinnosť obsahovej stratégie
Hlavným účelom obsahovej stratégie je pritiahnuť potenciálnych zákazníkov. Cieľom je byť dobrý v podnikaní vďaka obsahu, ktorý musí vychádzať z podnikateľských cieľov. Aby contect marketing fungoval, musí byť obsah napr. blogu alebo videa konzistetný, relevantný, efektívny a zameraný na konkrétnu ci...
Salvato in:
| Autore principale: | |
|---|---|
| Natura: | Capitolo di libro |
| Lingua: | slovacco |
| Soggetti: | |
| Tags: |
Nessun Tag, puoi essere il primo ad aggiungerne!!
|
MARC
| LEADER | 00000naa a2200000 4500 | ||
|---|---|---|---|
| 001 | 0234650 | ||
| 005 | 20221104113024.6 | ||
| 041 | 0 | |a slo | |
| 044 | |a SK | ||
| 245 | 1 | 0 | |a Ako vyhodnocovať účinnosť obsahovej stratégie |c Marcela Danišová |
| 520 | |a Hlavným účelom obsahovej stratégie je pritiahnuť potenciálnych zákazníkov. Cieľom je byť dobrý v podnikaní vďaka obsahu, ktorý musí vychádzať z podnikateľských cieľov. Aby contect marketing fungoval, musí byť obsah napr. blogu alebo videa konzistetný, relevantný, efektívny a zameraný na konkrétnu cieľovú skupinu. Na vyhodnocovaní výsledkov slúžia rôzne typy metrík ako počet registrácii do newslettera alebo vyplnenie konkrétnych formulárov. | ||
| 610 | 2 | 0 | |a marketing elektronický |
| 610 | 2 | 0 | |a podpora predaja |
| 610 | 2 | 0 | |a obsah |
| 610 | 2 | 0 | |a stratégia marketingová |
| 610 | 2 | 0 | |a zákazníci |
| 100 | 1 | |a Danišová, Marcela | |